Jeux de mots - Noms de joueurs de football. - Statistiques

Statistiques générales
  • Ce quiz a été pris 233 fois
  • Le résultat moyen est 17 sur 19
Statistiques - réponses
Hint Réponse % Correct
Michel Platoche Michel Platini
99%
Thierry Michel Thierry Henry
99%
Jean-Pierre Pépin Jean-Pierre Papin
97%
Benjamin Bavard Benjamin Pavard
96%
Emmanuel Grand Emmanuel Petit
95%
Lilian Turames Lilian Thuram
95%
Lucas Indigne Lucas Digne
93%
Patrick Verrapa Patrick Vieira
93%
Désiré Pasdoué Désiré Doué
92%
Aurelien Atchoum Aurelien Tchouameni
91%
Dayot Mecano Dayot Upamecano
91%
David Trézégoal David Trézéguet
90%
Marcel Deussaillies Marcel Desailly
90%
Brice Salsa Brice Samba
89%
Jonathan Claustrophobe Jonathan Clauss
87%
Michael Colisée Michael Olise
86%
Franck Lavache Franck Leboeuf
85%
Warren Congo-Toile Warren Zaïre-Emery
85%
Alain Tigresse Alain Giresse
63%
Aucun quiz correspondant
Distribution des résultats
% des personnes avec chaque résultat
Percentile par nombre de réponses
Votre historique - résultats
Vous n’avez pas pris ce quiz